MARC details
| 000 -CABECERA |
| campo de control de longitud fija |
01296nam a2200253 a 4500 |
| 001 - NÚMERO DE CONTROL |
| campo de control |
000031064 |
| 003 - IDENTIFICADOR DEL NÚMERO DE CONTROL |
| campo de control |
OSt |
| 005 - FECHA Y HORA DE LA ÚLTIMA TRANSACCIÓN |
| campo de control |
20260321073642.0 |
| 008 - DATOS DE LONGITUD FIJA--INFORMACIÓN GENERAL |
| campo de control de longitud fija |
110613s2009 dr ac r 000 0 spa d |
| 040 ## - FUENTE DE LA CATALOGACIÓN |
| Centro catalogador/agencia de origen |
DO-SdBNP |
| Lengua de catalogación |
spa |
| Centro/agencia transcriptor |
BNPHU |
| 082 ## - NÚMERO DE LA CLASIFICACIÓN DECIMAL DEWEY |
| Número de clasificación |
923.27293 |
| Número de documento/Ítem |
B742C, 2009 |
| 100 ## - ENTRADA PRINCIPAL--NOMBRE DE PERSONA |
| Nombre de persona |
Castro, Tomás, |
| Fechas asociadas al nombre |
1959- |
| 9 (RLIN) |
24641 |
| 245 10 - MENCIÓN DE TÍTULO |
| Título |
Juan Bosch para estudiantes / |
| Mención de responsabilidad, etc. |
Tomás Castro Burdiéz. |
| 260 ## - PUBLICACIÓN, DISTRIBUCIÓN, ETC. |
| Lugar de publicación, distribución, etc. |
Santo Domingo : |
| Nombre del editor, distribuidor, etc. |
Educarte, |
| Fecha de publicación, distribución, etc. |
2009. |
| 300 ## - DESCRIPCIÓN FÍSICA |
| Extensión |
76 p. : |
| Otras características físicas |
il., retrs. ; |
| Dimensiones |
21 cm. |
| 504 ## - NOTA DE BIBLIOGRAFÍA, ETC. |
| Nota de bibliografía, etc. |
Bibliografía : p. 69-79 |
| 505 0# - NOTA DE CONTENIDO CON FORMATO |
| Nota de contenido con formato |
Introducción -- |
| Título |
Viaje a la vida y obra de Juan Bosch -- |
| -- |
Un poema de Pablo Neruda-- |
| -- |
Versainograma a Santo Domingo desde la Isla Negra (Chile), Pablo Neruda -- |
| -- |
Pensamiento de Juan Bosch -- |
| -- |
breve muestra de su obra literaria -- |
| -- |
Un Cuento :La mujer -- |
| -- |
Un poema : El poeta -- |
| -- |
Una cansión : La gaviota -- |
| -- |
Una Crónica -- |
| -- |
Apuntes sobre sobre el arte de escribir cuentos -- |
| -- |
Reseña de sus obras más importantes -- |
| -- |
Bibliografía completa de Bosch -- |
| -- |
Bibliografía. |
| 590 ## - NOTA LOCAL (RLIN) |
| Nota local |
Inventariado, 2019/ YL |
| 600 10 - PUNTO DE ACCESO ADICIONAL DE MATERIA--NOMBRE DE PERSONA |
| Nombre de persona |
Bosch, Juan, |
| Fechas asociadas al nombre |
1909-2001 |
| 9 (RLIN) |
76555 |
| 650 #4 - PUNTO DE ACCESO ADICIONAL DE MATERIA--TÉRMINO DE MATERIA |
| Término de materia o nombre geográfico como elemento de entrada |
República Dominicana |
| Subdivisión de forma |
Biografías |
| 9 (RLIN) |
57541 |
| 710 2# - PUNTO DE ACCESO ADICIONAL--NOMBRE DE ENTIDAD CORPORATIVA |
| Nombre de entidad corporativa o nombre de jurisdicción como elemento de entrada |
Fundación para Educación y el Arte (República Domingo) |
| 9 (RLIN) |
57542 |
| 910 ## - DATOS DE OPCIÓN DEL USUARIO (OCLC) |
| Datos de opción del usuario |
Validado. Control de calidad MFF |
| 942 ## - ELEMENTOS DE PUNTO DE ACCESO ADICIONAL (KOHA) |
| Fuente del sistema de clasificación o colocación |
Dewey Decimal Classification |
| Tipo de ítem Koha |
Libro |